<?xml version="1.0" encoding="UTF-8"?>
<collection xmlns="http://www.loc.gov/MARC21/slim">
  <record>
    <leader>00000nam  2200000   4500</leader>
    <controlfield tag="001">INLIS000000000003060</controlfield>
    <controlfield tag="005">20190410100859</controlfield>
    <datafield tag="035" ind1="#" ind2="#">
      <subfield code="a">0010-0718003060</subfield>
    </datafield>
    <controlfield tag="008">190410################g##########0#ind##</controlfield>
    <datafield tag="020" ind1="#" ind2="#">
      <subfield code="a">9796552787</subfield>
    </datafield>
    <datafield tag="041" ind1=" " ind2=" ">
      <subfield code="a">id</subfield>
    </datafield>
    <datafield tag="082" ind1="#" ind2="#">
      <subfield code="a">152.4</subfield>
    </datafield>
    <datafield tag="090" ind1=" " ind2=" ">
      <subfield code="a">152.4 Gol k</subfield>
    </datafield>
    <datafield tag="100" ind1=" " ind2="#">
      <subfield code="a">Goleman, Daniel</subfield>
    </datafield>
    <datafield tag="245" ind1="1" ind2="#">
      <subfield code="a">Kecerdasan emosi untuk mencapai puncak prestasi. /</subfield>
      <subfield code="c">Daniel Goleman</subfield>
    </datafield>
    <datafield tag="250" ind1="#" ind2="#">
      <subfield code="a">Cet.6</subfield>
    </datafield>
    <datafield tag="260" ind1="#" ind2="#">
      <subfield code="a">Jakarta :</subfield>
      <subfield code="b">Gramedia Pustaka Utama,</subfield>
      <subfield code="c">2005</subfield>
    </datafield>
    <datafield tag="300" ind1="#" ind2="#">
      <subfield code="a">xiii, 584 hlm. ;</subfield>
      <subfield code="c">20 cm</subfield>
    </datafield>
    <datafield tag="650" ind1=" " ind2="#">
      <subfield code="a">Psikologi</subfield>
    </datafield>
    <datafield tag="084" ind1="#" ind2="#">
      <subfield code="a">152.4 Gol k</subfield>
    </datafield>
    <datafield tag="856" ind1="#" ind2="#">
      <subfield code="a">Perpustakaan Lembaga Administrasi Negara</subfield>
    </datafield>
    <datafield tag="520" ind1="#" ind2="#">
      <subfield code="a">Buku Daniel Goleman yang fenomenal, Emotion Intelligence, telah menambahkan istilah baru dalam kosakata kita sehari-hari yaitu kecerdasan emosi dan secara fundamental mengubah cara kita kenilai keunggulan diri sendiri. Sekarang, dalam buku yang pasti dengan cepat akan mengubah kerangka pikir kita mengenai karier dan bagaimana bisnis memahami prioritas krusialnya.Goleman mendefinisikan kembali ukuran berhasil dalam pekerjaan. Dengan akses tak terbatas ke para pelaku bisnis utama di seluruh dunia. Dengan akses takterbatas ke para pelaku bisnis utama diseluruh dunia, dan juga penelitian yang dilakukan lebih dari 500 perusahaan, Goleman mendapatkan gambaran mengenai ketrampilan yang dimiliki oleh para bintang kinerja disegala bidang, yang membuat mereka berbeda dari yang lainnya. Dari pekerjaan tingkat bawah sampai posisi eksekutif, faktor satu-satunya yang paling penting bukan IQ, pendidikan tinggi, atau ketrampilan teknis. Yang paling penting adalah kecerdasan emosi.</subfield>
    </datafield>
    <datafield tag="990" ind1="#" ind2="#">
      <subfield code="a">06049939</subfield>
    </datafield>
    <datafield tag="990" ind1="#" ind2="#">
      <subfield code="a">06049939</subfield>
    </datafield>
  </record>
</collection>
